Gazetecinin etik kimliği (Record no. 10306)

MARC details
000 -BAŞLIK
Sabit Uzunlukta Kontrol Alanı 00849na a2200265 4500
001 - KONTROL NUMARASI
Denetim Alanı 23652
003 - KONTROL NUMARASI IDENTIFIER
Denetim Alanı MIRAKIL
005 - SON İŞLEM TARİHİ VE ZAMANI
Denetim Alanı 20181213155314.0
008 - SABİT-BOY VERİ ELEMANLARI - GENEL BİLGİLER
Sabit Uzunlukta Kontrol Alanı 171121b tu 000 0
040 ## - KATALOGLAMA KAYNAK
Orijinal Kataloglama Ajansı Milas
Kataloglama Dili tur
Metne Dönüştürmek Ajansı TR-AnCHP
041 ## - DİL KODU
Metin / Ses Parça Veya Ayrı Başlığın Dil Kodu tur
082 ## - DEWEY ONLU SINIFLANDIRMA NUMARASI
Sınıflandırma Numarası 174.9097
Ürün Numarası Ö93g 1998
090 ## - SINIFLAMA NUMARASI
Sınıflama Numarası 174.9097 Ö93g 1998
100 ## - ANA GİRİŞ - KİŞİSEL İSİM
Kişisel Ad Özgen, Murat
245 ## - BAŞLIK TABLOSU
Başlık Gazetecinin etik kimliği
Başlığın Kalan Kurumsal, kuramsal ve tarihsel açıdan
Sorumluluk Tablosu, Vb Murat Özgen
246 ## - UNVAN FORM VARYING
Başlık Doğru / Kısa Başlığı Kurumsal, kuramsal ve tarihsel açıdan
260 ## - YAYIN, DAĞITIM, VB
Yayın, Dağıtım, Vb Yeri İstanbul
Yayıncı, Dağıtıcı, Vs Adı Türkiye Gazeteciler Cemiyeti
Yayın, Dağıtım, Vb Tarihi 1998
Üretici Firma Eren Ofset
300 ## - FİZİKSEL TANIM
Kapsam 254 s.
Boyutlar 23 sm.
440 ## - SERİSİ TABLOSU / KATMA GİRİŞİ - BAŞLIK
Başlık Türkiye Gazeteciler Cemiyeti yayınları
Hacim / Ardışık Tanımı 53
504 ## - KAYNAKÇA VB NOT
Kaynakça Vb Notu Kaynakça var.
650 ## - KONU KATMA GİRİŞ - TOPİKAL DÖNEM
Topikal Süreli Veya Coğrafi Ad Giriş Elemanı Gazetecilik
Coğrafi Alt Bölümü Türkiye
650 ## - KONU KATMA GİRİŞ - TOPİKAL DÖNEM
Topikal Süreli Veya Coğrafi Ad Giriş Elemanı Gazetecilik
Genel Alt Bölümü Meslek etiği
740 ## - KATMA GİRİŞ - KONTROLSUZ İLGİLİ / ANALİTİK BAŞLIK
Kontrol Edilmeyen / İlgili Analitik Başlıktaki Kurumsal, kuramsal ve tarihsel açıdan
942 ## - EKLENDİ GİRİŞ ELEMANLARI (KOHA)
Sınıflandırma Veya Raf Düzeni Kaynak Dewey Decimal Classification
Koha Öğesi Türü Books
999 ## - SİSTEM KONTROL NUMARALARI (KOHA)
Koha Biblionumber 10306
Koha Biblioitemnumber 10306
Holdings
Kalıcı Konum Mevcut Konum Edinme Tarihi Edinim Kaynak Toplam Check-Out'Lar Tam Çağrı Numarası Barkod Tarih Son Görülme İtibaren Geçerli Fiyatlar Koha Öğesi Türü
CHP Kütüphanesi CHP Kütüphanesi 11/21/2017 Bağış   174.9097 Ö93g 1998 017642 11/21/2017 11/21/2017 Books